Polskie miasta na literę "A" - Statystyki

Ogólne statystyki
  • Ten quiz został rozwiązany 1 139 razy
  • Średni wynik to 3 z 6
Statystyki odpowiedzi
ludność Odpowiedź % Poprawnych
30 200 Augustów
85%
20 600 Andrychów
64%
21 700 Aleksandrów łódzki
54%
12 100 Aleksandrów kujawski
53%
2 600 Annopol
41%
3 300 Alwernia
34%
Nie znaleziono quizów pasujących do podanych kryteriów
Rozkład punktacji
Procent ludzi z każdym wynikiem
Percentyl według liczby udzielonych odpowiedzi
Twoja historia wyników
Nie rozwiązałeś tego quizu